As the centuries turn: Manuscripts and books from 1000 to 2000. An exhibition in the Thomas Fisher Rare Book Library

Guardat en:
Dades bibliogràfiques
Autor corporatiu: University of Toronto (Autor)
Format: Llibre
Idioma:anglès
Publicat: Toronto University of Toronto 2000
Matèries:
Etiquetes: Afegir etiqueta
Sense etiquetes, Sigues el primer a etiquetar aquest registre!

MARC

LEADER 00000nam a2200000 a 4500
001 UCH4794
003 CL-VaPUC
008 090903e20000000CN |||||||||||||||||eng|d
020 |a 0772760322 
082 0 4 |a 011.31  |b UNI  |2 21 
110 2 |a University of Toronto  |e author  |9 540742 
245 1 0 |a As the centuries turn: Manuscripts and books from 1000 to 2000. An exhibition in the Thomas Fisher Rare Book Library 
300 |a 68 p 
942 |c BK 
945 |d 20090903 00:00:00  |a dcastane 
260 |a Toronto  |b University of Toronto  |c 2000 
650 0 |a Manuscritos   |9 313680 
650 7 |a LIBROS RAROS  |2 CL-VaPUC  |9 321878 
650 0 |a Ilustraciones  |9 369481 
583 |a last modification  |c 20090903 00:00:00  |k Rodrigo Vera 
999 |c 336062  |d 336060 
952 |0 0  |1 0  |4 0  |6 011_310000000000000_UNI_2000  |7 0  |8 X  |9 426953  |a FDOBUD  |b FDOBUD  |d 2019-11-22  |i 4596889  |o 011.31 UNI 2000  |p 4596889  |r 2019-11-22  |w 2019-11-22  |y BK_X  |k BUD